00140 a2200073 450000100060000010000170000624500210002326000220004411997 aHammarskjold aServant of peace abHapper of Rowc